| 000 | 00512nam a2200193Ia 4500 | ||
|---|---|---|---|
| 003 | GCL | ||
| 008 | 140319s9999 xx 000 0 eng d | ||
| 040 |
_aGCL / _cGCL |
||
| 082 | 0 | 4 |
_a611.01 _bN L |
| 100 | 1 | _aNILSSON, LENNART | |
| 245 | 1 | 0 |
_aLENNART NILSSON : _bBORDERS OF SCIENCE / _cNILSSON, LENNART |
| 260 |
_aالقاهرة : _bBIBLIOTHECA ALEXANDRINE |
||
| 300 |
_a20 CM ؛ _c76 P |
||
| 650 | 0 | 4 | _aSCIENCE |
| 650 | 0 | 4 | _aHUMAN BIOLOGY |
| 650 | 0 | 4 | _aEMBRYOLOGY |
| 650 | 0 | 4 | _aPHOTOGRAPHIC |
| 942 |
_2ddc _cBK |
||
| 999 |
_c5767 _d5767 |
||